|
|
|
|
| LEADER |
01731nam a2200421 a 4500 |
| 001 |
EBC668581 |
| 003 |
MiAaPQ |
| 005 |
20200520144314.0 |
| 006 |
m o d | |
| 007 |
cr cn||||||||| |
| 008 |
100826s2011 nyuad sb 001 0 eng d |
| 010 |
|
|
|z 2010035799
|
| 020 |
|
|
|z 9780415882255
|
| 020 |
|
|
|z 0203831403 (master e-book)
|
| 020 |
|
|
|a 9780203831403 (electronic bk.)
|
| 035 |
|
|
|a (MiAaPQ)EBC668581
|
| 035 |
|
|
|a (Au-PeEL)EBL668581
|
| 035 |
|
|
|a (CaPaEBR)ebr10462735
|
| 035 |
|
|
|a (CaONFJC)MIL310463
|
| 035 |
|
|
|a (OCoLC)713021645
|
| 040 |
|
|
|a MiAaPQ
|c MiAaPQ
|d MiAaPQ
|
| 043 |
|
|
|a e------
|
| 050 |
|
4 |
|a HN380.Z9
|b C689 2011
|
| 082 |
0 |
4 |
|a 338.94/07091734
|2 22
|
| 245 |
0 |
0 |
|a Towards sustainable rural regions in Europe
|h [electronic resource] :
|b exploring inter-relationships between rural policies, farming, environment, demographics, regional economies and quality of life using system dynamics /
|c edited by John M. Bryden ... [et al.].
|
| 260 |
|
|
|a New York :
|b Routledge,
|c 2011.
|
| 300 |
|
|
|a xxii, 359 p. :
|b ill.
|
| 490 |
1 |
|
|a Routledge studies in development and society ;
|v 27
|
| 504 |
|
|
|a Includes bibliographical references and index.
|
| 533 |
|
|
|a Electronic reproduction. Ann Arbor, MI : ProQuest, 2015. Available via World Wide Web. Access may be limited to ProQuest affiliated libraries.
|
| 650 |
|
0 |
|a Rural development
|z Europe.
|
| 650 |
|
0 |
|a Sustainable development
|z Europe.
|
| 651 |
|
0 |
|a Europe
|x Rural conditions.
|
| 655 |
|
4 |
|a Electronic books.
|
| 700 |
1 |
|
|a Bryden, J. M.
|q (John M.)
|
| 710 |
2 |
|
|a ProQuest (Firm)
|
| 830 |
|
0 |
|a Routledge studies in development and society ;
|v 27.
|
| 856 |
4 |
0 |
|u https://ebookcentral.proquest.com/lib/matrademy/detail.action?docID=668581
|z Click to View
|